Die FDP und die deutsche Außenpolitik

Titel: Die FDP und die deutsche Außenpolitik : eine Analyse liberaler Außenpolitik seit der deutschen Wiedervereinigung / Denise Dittrich
Verfasser:
Veröffentlicht: Potsdam : Univ.-Verlag, 2009
Umfang: 115 Seiten : Diagramme ; 21 cm
Format: Buch
Sprache: Deutsch
Schriftenreihe/
mehrbändiges Werk:
WeltTrends-Thesis ; Bd. 7
RVK-Notation:
Schlagworte:
ISBN: 9783869560113
Buchumschlag
X
alg: 21672972
001A    $06000:15-10-09 
001B    $01999:24-07-24 $t17:18:51.000 
001D    $06000:17-11-11 
001U    $0utf8 
001X    $00 
002@    $0Aaxaf 
002C    $aText $btxt $2rdacontent 
002D    $aohne Hilfsmittel zu benutzen $bn $2rdamedia 
002E    $aBand $bnc $2rdacarrier 
003@    $0216729726 
003O    $0458695755 $aOCoLC 
004A    $A978-3-86956-011-3 $fkart. : EUR 9.00 
004K    $09783869560113 
006G    $0997032502 
006H    $0TOCIMA1146 $2DNB 
006U    $009,A43,0459 $f20090925 
007A    $0997032502 $aDNB 
007G    $0DE020A7E995273917D2BBC125898600369843 
009P    $qtext/html $A2 $3Inhaltstext $uhttp://deposit.dnb.de/cgi-bin/dokserv?id=3358902&prov=M&dok_var=1&dok_ext=htm $mX:MVB 
009P    $qapplication/pdf $A2 $3Inhaltsverzeichnis $uhttp://scans.hebis.de/HEBCGI/show.pl?21672972_toc.pdf $mV:DE-603;B:DE-Mb50 
009P    $qapplication/pdf $A2 $3Buch Bibliographie $uhttp://scans.hebis.de/HEBCGI/show.pl?21672972_bib.pdf $mV:DE-603;B:DE-Mb50 
009P    $qapplication/pdf $A2 $3Cover $uhttp://scans.hebis.de/HEBCGI/show.pl?21672972_cov.pdf $mV:DE-603;B:DE-Mb50 
009P    $qapplication/pdf $A2 $3Abstract $uhttp://scans.hebis.de/HEBCGI/show.pl?21672972_sum.pdf $mV:DE-603;B:DE-Mb50 
010@    $ager 
011@    $a2009 $n2009 
017A    $asf 
021A    $aDie @FDP und die deutsche Außenpolitik $deine Analyse liberaler Außenpolitik seit der deutschen Wiedervereinigung $hDenise Dittrich 
028A    $BVerfasser $4aut $7139338411 $8Dittrich, Denise$Z1980- [Tp3] $9216230136 
033A    $pPotsdam $nUniv.-Verlag 
034D    $a115 Seiten 
034I    $a21 cm 
034M    $aDiagramme 
036E    $aWeltTrends-Thesis $lBd. 7 
036F    $x17 $8WeltTrends-Thesis $920398109X $lBd. 7 
037A    $aLiteraturverzeichnis und URL-Verz. S. 104-114 
044K    $qDNB $#FDP $#Freie Demokraten Körperschaft $#Liberale Freie Demokratische Partei $#Die @Liberalen Freie Demokratische Partei $#FDP $737037-X $8Freie Demokratische Partei [Tb1] $9040371476 
044K    $qDNB $RPolitik $RSicherheitspolitik $RInternationale Politik $RDiplomatie $#International relations $#Relations internationales $#Auswärtige Angelegenheiten $#Auswärtige Politik $#Außenbeziehungen Außenpolitik $74003846-4 $8Außenpolitik [Ts1] $9085002038 
044K    $RDeutsches Sprachgebiet $RDeutschland $RDeutschland $#Deutsche Länder $#Germany Deutschland $#Heiliges Römisches Reich $#Rheinbund $#Deutscher Bund $#Norddeutscher Bund $#Deutsches Reich $#Deutschland Gebiet unter Alliierter Besatzung $#Deutschland Bundesrepublik, 1990- $#BRD 1990- $#Federal Republic of Germany Deutschland $#Republic of Germany Deutschland $#Allemagne Deutschland $#Ǧumhūrīyat Almāniyā al-Ittiḥādīya $#Bundesrepublik Deutschland 1990- $#BRD $#Niemcy $#République Fédérale d'Allemagne Deutschland $#Repubblica Federale di Germania Deutschland $#Germanija $#Federativnaja Respublika Germanija $#FRG $#Deyizhi-Lianbang-Gongheguo $74011882-4 $8Deutschland [Tg1] $9085025550 
044K    $RMitteleuropa $RVisegrád-Staaten $ROsteuropa $#Ostmitteleuropa $#Ostmitteleuropa $#Mitteleuropa, Ost $#Central Europe Ostmitteleuropa $#Mittelosteuropa $74075753-5 $8Ostmitteleuropa [Tg1] $9085214485 
044K    $RRelation $#Wechselbeziehung $#Beziehungen $74145198-3 $8Beziehung [Ts1] $9085577189 
044K    $RDeutsche Frage $RWiedervereinigung $#Germany History Unification, 1990 $#Allemagne 1989-1990 (Unification) $#Alemania Historia 1990 (Unificación) $#Wiedervereinigung $#Wiedervereinigung Deutschlands $#Vereinigung Deutschlands $#Deutsche Einheit Vereinigung $74235034-7 $8Wiedervereinigung$gDeutschland [Ts1] $9086229621 
045E    $c320 
045F    $a324.24306 $eDDC22ger 
045F/01 $a324.24306 
045G    $a909 $eDDC23BSB 
045G/01 $a909 
045G/03 $f09049 
045G/03 $f090511 
045G/03 $g43 
045R    $aGeschichte 1990-2005 
045Z    $8MG 15358 [Tkv] $9410456217 

lok: 21672972 24

exp: 21672972 24 1 #EPN
201B/01 $016-02-23 $t14:02:48.000 
201C/01 $016-02-23 
201U/01 $0utf8 
203@/01 $01227539193 
208@/01 $a16-02-23 $bz 
209A/01 $a23.00425 $du $f050 $h23 00425 $x00 
209C/01 $a23.00425 T $h23 00425 T 
209G/01 $a74702899 $x00 
220C/01 $ahae 
247C/01 $8358050-7 Marburg, Bibliothek des Herder-Instituts Marburg $9102600961
LEADER 00000cam a22000002c 4500
001 216729726
003 DE-603
005 20240724171851.0
007 tu
008 091015s2009 xx |||| | u00||u|ger
015 |a 09,A43,0459  |2 dnb 
016 7 |2 DE-101  |a 997032502 
020 |a 9783869560113  |c kart. : EUR 9.00 
024 3 |a 9783869560113 
035 |a (DE-599)DNB997032502 
035 |a (OCoLC)458695755 
040 |a DE-603  |b ger  |c DE-603  |d DE-603 
041 |a ger 
082 0 4 |8 1\u  |a 324.24306  |q DE-101  |2 22/ger 
083 0 |8 2\u  |a 909  |q DE-101  |2 23/BSB 
084 |a 320  |q DE-101  |2 sdnb 
084 |a MG 15358  |0 (DE-625)122818:12112  |0 (DE-603)410456217  |2 rvk 
085 |8 1\u  |b 324.24306 
085 |8 2\u  |b 909 
085 |8 2\u  |z 1  |s 09049 
085 |8 2\u  |z 1  |s 090511 
085 |8 2\u  |z 2  |s 43 
090 |a b 
100 1 |a Dittrich, Denise  |d 1980-  |e Verfasser  |4 aut  |0 (DE-603)216230136  |0 (DE-588)139338411  |2 gnd 
245 0 0 |a ˜Dieœ FDP und die deutsche Außenpolitik  |b eine Analyse liberaler Außenpolitik seit der deutschen Wiedervereinigung  |c Denise Dittrich 
264 1 |a Potsdam  |b Univ.-Verlag  |c 2009 
300 |a 115 Seiten  |b Diagramme  |c 21 cm 
336 |a Text  |b txt  |2 rdacontent 
337 |a ohne Hilfsmittel zu benutzen  |b n  |2 rdamedia 
338 |a Band  |b nc  |2 rdacarrier 
490 1 |a WeltTrends-Thesis  |v Bd. 7 
500 |a Literaturverzeichnis und URL-Verz. S. 104-114 
610 1 7 |a Freie Demokratische Partei  |2 gnd  |0 (DE-588)37037-X  |0 (DE-603)040371476 
648 7 |a Geschichte 1990-2005  |2 gnd 
650 7 |a Außenpolitik  |0 (DE-588)4003846-4  |0 (DE-603)085002038  |2 gnd 
650 7 |a Beziehung  |0 (DE-588)4145198-3  |0 (DE-603)085577189  |2 gnd 
650 7 |a Wiedervereinigung  |g Deutschland  |0 (DE-588)4235034-7  |0 (DE-603)086229621  |2 gnd 
651 7 |a Deutschland  |0 (DE-588)4011882-4  |0 (DE-603)085025550  |2 gnd 
651 7 |a Ostmitteleuropa  |0 (DE-588)4075753-5  |0 (DE-603)085214485  |2 gnd 
810 2 2 |a WeltTrends e.V.  |t WeltTrends-Thesis  |v Bd. 7  |w (DE-603)20398109X  |w (DE-600)2449197-4  |9 17  |7 as 
856 4 2 |m X:MVB  |q text/html  |u http://deposit.dnb.de/cgi-bin/dokserv?id=3358902&prov=M&dok_var=1&dok_ext=htm  |3 Inhaltstext 
856 4 2 |m V:DE-603;B:DE-Mb50  |q application/pdf  |u http://scans.hebis.de/HEBCGI/show.pl?21672972_toc.pdf  |3 Inhaltsverzeichnis 
856 4 2 |m V:DE-603;B:DE-Mb50  |q application/pdf  |u http://scans.hebis.de/HEBCGI/show.pl?21672972_bib.pdf  |3 Buch Bibliographie 
856 4 2 |m V:DE-603;B:DE-Mb50  |q application/pdf  |u http://scans.hebis.de/HEBCGI/show.pl?21672972_cov.pdf  |3 Cover 
856 4 2 |m V:DE-603;B:DE-Mb50  |q application/pdf  |u http://scans.hebis.de/HEBCGI/show.pl?21672972_sum.pdf  |3 Abstract 
924 0 |9 Mb 50  |a (DE-603)1227539193  |b DE-Mb50  |c HES  |d c  |g 23.00425